| 000 | 00840nam a2200217 a 4500 | ||
|---|---|---|---|
| 999 |
_c5359 _d5359 |
||
| 001 | 5359 | ||
| 003 | BD-JhCC | ||
| 005 | 20180116185313.0 | ||
| 008 | 171213s bg |||| ||a| 000 0 ben d | ||
| 035 | _a(BD-JhCC)5359 | ||
| 040 |
_aBD-JhCC _dBD-JhCC |
||
| 041 | _aeng | ||
| 082 |
_a620 _bPAD |
||
| 100 | _aগঙ্গোপাধ্যায়, শ্রীশিবপ্রসাদ & সমাদ্দার, শ্রীসুধাংসু | ||
| 245 |
_aডি. সি. মেসিন / _cশ্রীশিবপ্রসাদ গঙ্গোপাধ্যায় & শ্রীসুধাংসু সমাদ্দার |
||
| 260 |
_aকলিকাতা _bনিউ সেন্টাল বুক এজেন্সী |
||
| 300 |
_a578 p. : _c21 cm. |
||
| 650 | _aMachine | ||
| 942 |
_2ddc _cBK |
||